Развитие технологии радиационного мониторинга в городской среде; Физико-технические проблемы в науке, промышленности и медицине

গ্রন্থ-পঞ্জীর বিবরন
Parent link:Физико-технические проблемы в науке, промышленности и медицине.— 2015.— [С. 246-248]
প্রধান লেখক: Яковлева В. С. Валентина Станиславовна
সংস্থা লেখক: Национальный исследовательский Томский политехнический университет (ТПУ) Физико-технический институт (ФТИ) Кафедра прикладной физики (№ 12) (ПФ)
অন্যান্য লেখক: Нагорский П. М. Петр Михайлович, Рябкина К. С.
সংক্ষিপ্ত:Заглавие с титульного экрана
ভাষা:রুশ
প্রকাশিত: 2015
মালা:Радиационные и пучково-плазменные технологии в науке, технике и медицине
বিষয়গুলি:
অনলাইন ব্যবহার করুন:http://earchive.tpu.ru/handle/11683/17477
http://www.lib.tpu.ru/fulltext/c/2015/C49/215.pdf
বিন্যাস: বৈদ্যুতিক গ্রন্থের অধ্যায়
KOHA link:https://koha.lib.tpu.ru/cgi-bin/koha/opac-detail.pl?biblionumber=612795

MARC

LEADER 00000naa2a2200000 4500
001 612795
005 20240115124323.0
035 |a (RuTPU)RU\TPU\conf\10926 
035 |a RU\TPU\conf\10925 
090 |a 612795 
100 |a 20150626d2015 k y0rusy50 ca 
101 0 |a rus 
102 |a RU 
105 |a y z 101zy 
135 |a drgn ---uucaa 
181 0 |a i  
182 0 |a b 
200 1 |a Развитие технологии радиационного мониторинга в городской среде  |f В. С. Яковлева, П. М. Нагорский, К. С. Рябкина 
203 |a Текст  |c электронный 
225 1 |a Радиационные и пучково-плазменные технологии в науке, технике и медицине 
300 |a Заглавие с титульного экрана 
320 |a [Библиогр.: с. 249 (2 назв.)] 
337 |a Adobe Reader 
463 0 |0 (RuTPU)RU\TPU\conf\10637  |t Физико-технические проблемы в науке, промышленности и медицине  |o сборник тезисов докладов VII Международной научно-практической конференции, г. Томск, 3-6 июня 2015 г.  |f Национальный исследовательский Томский политехнический университет (ТПУ) ; под ред. А. Н. Дьяченко [и др.]  |v [С. 246-248]  |d 2015 
610 1 |a труды учёных ТПУ 
610 1 |a электронный ресурс 
610 1 |a технологии 
610 1 |a радиационный мониторинг 
610 1 |a городская среда 
700 1 |a Яковлева  |b В. С.  |c физик  |c доцент Томского политехнического университета, кандидат физико-математических наук  |f 1970-  |g Валентина Станиславовна  |3 (RuTPU)RU\TPU\pers\25838  |9 11711 
701 1 |a Нагорский  |b П. М.  |c физик  |c ведущий научный сотрудник Томского политехнического университета, доктор физико-математических наук  |f 1943-  |g Петр Михайлович  |3 (RuTPU)RU\TPU\pers\29952 
701 1 |a Рябкина  |b К. С. 
712 0 2 |a Национальный исследовательский Томский политехнический университет (ТПУ)  |b Физико-технический институт (ФТИ)  |b Кафедра прикладной физики (№ 12) (ПФ)  |3 (RuTPU)RU\TPU\col\18729 
801 2 |a RU  |b 63413507  |c 20210210  |g RCR 
856 4 |u http://earchive.tpu.ru/handle/11683/17477 
856 4 |u http://www.lib.tpu.ru/fulltext/c/2015/C49/215.pdf 
942 |c BK